000 00677cam a22002291 4500
001 ca 31000258
003 DLC
005 20260227111124.0
008 881206s1931 nyu 000 0 eng
010 _aca 31000258
035 _a(OCoLC)18844500
040 _aDLC
_cRPB
_dDLC
042 _apremarc
050 0 0 _aPS3505.L79
_bS6 1931
082 _a812.5
100 1 _aClifford, Margaret Ellen.
245 1 4 _aThe sleeping beauty,
_ba fairy tale retold in one act,
_cby Margaret Ellen Clifford ...
260 _aNew York,
_bLongmans, Green and Co.,
_c1931.
300 _a2 p. l., 41 p. incl. front.
_c19 cm.
490 0 _aLongmans' play series
500 _a"First edition."
999 _c16782
_d16782